Vainqueurs de la Coupe du monde des clubs de la FIFA - Mort Subite - Statistiques

Statistiques générales
  • Ce quiz a été pris 273 fois
  • Le résultat moyen est 7 sur 12
Answers on the Grid
Answers color-coded by a green-red scale on the quiz's grid according to % correct below.
Real Madrid
FC Barcelone
SC Corinthians
Bayern Munich
Liverpool FC
Chelsea FC
SC Internacional
São Paulo FC
Manchester United
AC Milan
Inter Milan
Manchester City
River Plate
CR Flamengo
Al-Hilal FC
Kashima Antlers
SE Palmeiras
TP Mazembe
Raja CA
CR Vasco da Gama
LDU Quito
Boca Juniors
Estudiantes de La Plata
Santos FC
CA San Lorenzo
Grêmio Porto Alegre
Al-Aïn FC
Tigres UANL
Fluminense FC
Al Ahly SC
 
Statistiques - réponses
Réponse % Correct
Real Madrid
85%
Liverpool FC
81%
Chelsea FC
78%
Bayern Munich
77%
FC Barcelone
76%
Manchester City
74%
Manchester United
71%
AC Milan
69%
Inter Milan
65%
São Paulo FC
16%
SC Corinthians
12%
SC Internacional
9%
Aucun quiz correspondant
Distribution des résultats
% des personnes avec chaque résultat
Percentile par nombre de réponses
Votre historique - résultats
Vous n’avez pas pris ce quiz